« Macarena » de Damso paroles - Statistiques

Statistiques générales
  • Ce quiz a été pris 211 fois
  • Le résultat moyen est 330 sur 459
Statistiques - réponses
% Correct
Ma
99%
À
95%
A
95%
La
95%
L’a
95%
95%
Macarena
95%
Dans
94%
De
94%
Mon
94%
Danse
92%
Ce
90%
Le
90%
Me
90%
Moi
90%
Cœur
88%
Et
88%
Mais
88%
Que
88%
Est
87%
Te
87%
C’est
85%
Toi
85%
Je
84%
Lui
84%
Nous
84%
Tu
84%
Monde
83%
Sera
83%
Ai
82%
ça
82%
Mieux
82%
Oh
81%
En
80%
T’es
80%
Tes
80%
Vous
80%
Mes
78%
Sans
78%
Pas
77%
Peut-être
77%
Ainsi
76%
J’ai
76%
On
76%
Sentiments
76%
Plus
75%
Quand
75%
Qu’avec
75%
Si
75%
Avec
74%
Déjà
74%
Sabrina
73%
Sens
73%
Ta
73%
Trentenaire
73%
Fait
72%
L’air
72%
Dansent
71%
Donc
70%
Parle
70%
Rien
70%
Dis
69%
Mariage
69%
S’envoie
69%
Souviendras
69%
Vingtaine
69%
Bien
67%
Faire
67%
Il
67%
P’t-être
67%
Sentiras
66%
Pour
65%
Qu’la
65%
Comme
64%
Des
64%
Cas
63%
J’me
63%
Bon
62%
Fais
62%
Implants
62%
J’en
62%
Race
62%
Battre
61%
Les
61%
Mature
61%
Mec
61%
Niqué
61%
Sais
61%
Va
61%
Un
60%
Courbatures
59%
J’assure
59%
Lit
59%
N’est
59%
Qu’est-ce
59%
Qu’si
59%
Temps
59%
Ton
59%
Devenir
58%
J’t’avais
58%
L’avenir
58%
Qu’ça
58%
Relation
58%
Taf
58%
T’avais
58%
Avant
57%
Notre
57%
Perdre
57%
Préservatif
57%
Qu’au
57%
Suite
57%
Dire
56%
Mis
56%
Télé
56%
Avais
55%
Hôtels
55%
J’te
55%
Manière
55%
Romantique
55%
D’jà
54%
Clips
53%
N’avais
53%
Fous
52%
Suites
52%
Regardais
51%
Foutre
50%
Autotune
49%
Rappelle-toi
49%
Sur
49%
Une
49%
Life
48%
Jeune
47%
Suis
47%
Même
46%
V.I.P
46%
Libido
44%
J’m’en
43%
Aux
42%
Baises
42%
Chose
42%
Soirées
41%
J’t’invitais
40%
Non
40%
Pareil
40%
D’autres
38%
J’p’lote
38%
J’t’ai
38%
Oui
38%
Dose
37%
J’fais
37%
Besoin
35%
Casse
35%
Puis
35%
Récupéré
35%
Croyais
34%
Pleurer
34%
Qui
34%
Tout
34%
Ben
33%
Parce
33%
Téléphoné
31%
Qu’tu
30%
Trop
30%
Celle
29%
Qu’on
29%
Salaud
29%
S’explique
28%
M’as
27%
J’veux
25%
Prod
25%
Réplique
25%
T’évader
25%
J’étais
24%
Blessé
23%
Délaissé
23%
J’le
23%
T’façon
23%
Baisais
22%
Dépanner
22%
Remplacé
22%
Saigner
22%
Après
21%
Fallait
20%
Savais
20%
J’l’étais
19%
M’étaler
19%
Qu’pour
19%
Remballé
19%
J’vais
18%
Pourtant
17%
Twinsmatic
13%
Yeuks
10%
Vrai
6%
Aucun quiz correspondant
Distribution des résultats
% des personnes avec chaque résultat
Percentile par nombre de réponses
Votre historique - résultats
Vous n’avez pas pris ce quiz